Регионална библиотека "Любен Каравелов" - Русе

Deisme et christianisme (Запис номер 159617)

MARC детайли
000 -Лидер
Контролно поле с фиксирана дължина 01434nam a2200373 c 4500
003 - Код на организацията, давaща контролен номер
Контролно поле BLK
005 - Дата и час на последна редакция
Контролно поле 20201019133642.0
008 - Елементи от данни с фиксирана дължина
fixed length control field 180410b bul|||||r ||||||| ||bul||
010 ## - Наследен системен номер
LC control number KNG00166790000
040 ## - Източник на каталожния запис
Идентификатор на билиотеката - собственик на записа BLK
041 ## - Код за език
Код за езика на текст/звукозапис или на отделно заглавие Френски
Код за езика КДБФ Френски
072 #7 - Код за тематичната категория
Код организация bullib
Код за тематична категория Ц
Текст Редки и ценни
080 ## - УДК
Текстов определител УДК Християнска църква. Обща история на църквата
УДК код - определител по УДК 26/28
УДК - код + определител 26/28
080 ## - УДК
Текстов определител УДК Философски системи според отношението към проблема за бога -Теизъм. Деизъм. Пантеизъм. Акосмизъм. Панентеизъм. Атеизъм. Вж и 211
УДК код - определител по УДК 141.4
УДК - код + определител 141.4
100 1# - Редна дума - Автор
Автор Levallois, Jules
Авторска отговорност първи автор
R(LIN) 16883
139 ## - Редно поле
Редна дума Levallois, Jules
Авторски знак Lev - L 62
245 10 - Сведения за заглавието
Заглавие Deisme et christianisme
Редно поле (дума) Jules Levallois.
257 ## - Страна на издаване
Страна на създаване/издаване Франция
260 ## - Област на издателските данни
Име на издателя, разпространителя и проч. Germer Bailliere
Година на издаване 1866
300 ## - Физическа характеристика
Страници 154, 16 с.
Размери/Мащаб 18 см
380 ## - Жанр
Жанр Религия. Теология
650 #4 - Допълнително описание по предмет – тема
Основно описание – тема или топоним Религии
9 (RLIN) 169205
650 #4 - Допълнително описание по предмет – тема
Основно описание – тема или топоним Християнство
9 (RLIN) 176914
650 #4 - Допълнително описание по предмет – тема
Основно описание – тема или топоним Философия - системи, направления и школи
9 (RLIN) 251900
653 ## - Ключова дума – ненормативна
Ключова дума християнство
653 ## - Ключова дума – ненормативна
Ключова дума философия
653 ## - Ключова дума – ненормативна
Ключова дума деизъм
659 ## - Тематичен бюлетин
Тематичен бюлетин Ц
852 ## - Местоположение
Форматна сигнатура Цб Рф 866
856 4# - Електронен адрес и достъп
Електронен формат pdf - файл
856 4# - Електронен адрес и достъп
Електронен формат pdf - файл
999 ## - СИСТЕМНИ КОНТРОЛНИ НОМЕРА
Koha biblionumber 159617
Koha biblioitemnumber 159617
942 ## - АРТИКУЛИ
Вид на библиотечния материал Книги
Скрит в OPAC Не
Периодичен библиозапис Да
944 ## - СЪЗДАВАНЕ И РЕДАКЦИЯ на ЗАПИСА
Създаване/Редакция Създаване
Дата на регистрацията/редакция 03.11.2014
Служител, извършил регистрацията/редакцията Наталия_Медовщикова
944 ## - СЪЗДАВАНЕ И РЕДАКЦИЯ на ЗАПИСА
Създаване/Редакция Редакция
Дата на регистрацията/редакция 13.11.2014
Служител, извършил регистрацията/редакцията Наталия_Медовщикова
999 ## - СИСТЕМНИ КОНТРОЛНИ НОМЕРА
Koha biblioitemnumber 159617
Наличности
Код за отписване Код за изгубен артикул Източник на класификационната схема Код за повреда Коз за рестрикции Код за отдаване Артикулен № Име на библиотеката - собственик Име на библиотеката, в която се намира в момента Статус (Текущо местоположение) Дата на вписване в системата Местоположение - отдел Цена в лева Инвентарен номер Систематично азбучна сигнатура Баркод Номер на екземпляра Цена в евро Служебна бележка Служебен тип на артикула
  Не е изгубен Universal Decimal Classification Не е повреден само за читалня Специални фондове ( старопечатни, редки и ценни, фонд М. Арнаудов) 266758 Регионална библиотека "Любен Каравелов" Русе Регионална библиотека "Любен Каравелов" Русе Редки и ценни 1948-01-01 Редки и ценни 0.34 16888 Рф 866 900000036613 1 0.17 Дост: Pk N: стар фонд Дата: 01.01.1948 Дата инв: 15.12.2016 Бележки инв: Рц2016 Книги
Vip Innovations Ltd, Rousse, Bulgaria 2025